| 000 | 01185cam a2200373 4500 | ||
|---|---|---|---|
| 001 | ABS65763 | ||
| 008 | 020801n2002 000 0 eng u | ||
| 035 | _a(Sirsi) u119153 | ||
| 100 | _aMadine, V | ||
| 245 | _aWish you worked here? | ||
| 260 | _c2002 | ||
| 490 |
_aBuilding _v267(8244) 26 July 2002, 40-43(4) |
||
| 520 | _aComments on the 2002 Hays Montrose/Building international salary. British-trained quantity surveyors and project managers are getting healthy pay rises in France and Spain but salaries elsewhere are largely unchanged. There are high rewards and discomforts for those prepared to work in areas of political unrest. | ||
| 590 | _aABS | ||
| 650 | _aSALARY SURVEYS | ||
| 650 | _aSALARIES | ||
| 650 | _aHAYS MONTROSE | ||
| 650 | _aQUANTITY SURVEYORS | ||
| 650 | _aENGINEERS | ||
| 650 | _aEGYPT | ||
| 650 | _aCHINA | ||
| 650 | _aTHAILAND | ||
| 650 | _aWEST INDIES | ||
| 650 | _aPORTUGAL | ||
| 650 | _aSPAIN | ||
| 650 | _aFRANCE | ||
| 650 | _aGERMANY | ||
| 650 | _aNETHERLANDS | ||
| 650 | _aAUSTRALIA | ||
| 650 | _aNEW ZEALAND | ||
| 650 | _aPOLAND | ||
| 690 | _aMANAGEMENT-BUSINESS MANAGEMENT-PROFESSIONAL PRACTICE | ||
| 942 | _n0 | ||
| 999 |
_c70878 _d70878 |
||